Budem prvákom rozvíjanie poznania

Bibliographic Details
Main Author: Tašková, Mária (Author)
Format: Photo
Language:Slovak
PhysicalDescription:32 s. ilustr. 30 cm
Published: Prievidza Maquita 2004
ISBN:8088936748
Edition:1. vyd.
Subjects:

MARC

LEADER 00000nkm a2200000 a 4500
001 vtls008185439
003 SK-MaSNL
005 20260301140453.0
007 ku buo
008 230706s2004 xo a b 000 0 slo
015 |a SNBG2005/04-01042 
020 |a 8088936748  |q (brož.) 
035 |a urn:nbn:sk:snk-km00c4yv 
035 |a urn:nbn:sk:snk-km3lplx 
035 |a 711235DF-090F-4DDA-AA12-64EFB3CECDC5 
040 |a SNK  |b slo  |c SNK  |e AACR2 
041 0 |a slo 
044 |a xo  |c SK 
072 7 |a 373.2/.3  |x Predškolská a primárna výchova a vzdelávanie  |2 konspekt 
072 7 |a 821-93  |x Literatúra pre deti a mládež  |2 konspekt 
080 |a 316.346.32-053.4  |2 MDT-MRF 
080 |a 316.346.32-053.5  |2 MDT-MRF 
080 |a 159.955  |2 MDT-MRF 
080 |a (0.053.2)  |2 MDT-MRF 
080 |a (076.1)  |2 MDT-MRF 
080 |a 373.2  |2 MDT-MRF 
100 1 |a Tašková, Mária  |4 aut  |9 299258 
245 1 0 |a Budem prvákom  |h grafika  |b rozvíjanie poznania  |c [autorka: Mária Tašková ; grafická úprava: Henrieta Andrášiová] 
250 |a 1. vyd. 
260 |a Prievidza  |b Maquita  |c 2004 
300 |a 32 s.  |b ilustr.  |c 30 cm 
500 |a Názov z obalu 
521 |a Určené pre 4-5 ročné deti 
650 0 7 |a predškolská výchova  |2 SNKPH  |9 3959 
650 0 7 |a deti predškolského veku  |2 SNKPH  |9 4103 
650 0 7 |a deti školského veku  |2 SNKPH  |9 1227 
650 0 7 |a rozvoj myslenia  |2 SNKPH  |9 3967 
655 7 |a publikácie pre deti  |2 SNKPH  |9 70148 
655 7 |a pracovné zošity  |2 SNKPH  |9 70188 
700 1 |a Andrášiová, Henrieta  |4 bkd  |9 275704 
852 |a Slovenská národná knižnica 
919 |a 80-88936-74-8 
958 |a GBN 
958 |a OND 
999 |c 763813  |d 765743 
952 |a SNK  |b SNK  |y PREZ  |7 0  |p 17A0479755  |o snkSB 70761  |i snk2005/12662  |8 0  |0 0  |1 0  |4 0  |d 2005-07-20  |f 1  |l 0  |r 2025-04-22 00:00:00  |w 2026-02-24 
952 |a SNK  |b SNK  |y VYP  |7 0  |p 17A0479756  |o snkSB 70761 D1  |i snk2005/12665  |8 0  |0 0  |1 0  |4 0  |d 2005-07-20  |l 0  |r 2016-06-30 00:00:00  |w 2026-02-24